LEADER 00952nam0-22003491i-450- 001 990001354670403321 010 $a0-8176-3820-2 035 $a000135467 035 $aFED01000135467 035 $a(Aleph)000135467FED01 035 $a000135467 100 $a20000920d1996----km-y0itay50------ba 101 0 $aeng 200 1 $aGeometry of harmonic maps$fYuanlong Xin 210 $aBoston [MA]$cBirkhauser$d1996 215 $ax, 237 p.$cill.$d24 cm . 225 1 $aProgress in nonlinear differential equations and their applications$v23 610 0 $aAnalisi globale 610 0 $aFunzioni armoniche 676 $a515.74 700 1$aXin,$bYuanlong$061101 801 0$aIT$bUNINA$gRICA$2UNIMARC 901 $aBK 912 $a990001354670403321 952 $aC-17-(23$b14638$fMA1 959 $aMA1 962 $a58-02 962 $a58E20 962 $a58E30 996 $aGeometry of harmonic maps$9375739 997 $aUNINA DB $aING01 LEADER 01245nam0-2200373---450- 001 990000500480203316 005 20090520094333.0 010 $a88-7750-732-2 035 $a0050048 035 $aUSA010050048 035 $a(ALEPH)000050048USA01 035 $a0050048 100 $a20010611d2001----km-y0itay0103----ba 101 $aita 102 $aIT 105 $a||||||||001yy 200 1 $aTrattazione della normativa penale in materia di armi, munizioni, prodotti e splodenti, caccia e tiro$fIvan Russo 210 $aTorino$cUTET libreria$dcopyr. 2001 215 $aXIV, 736 p.$d24 cm 606 0 $aArmi da fuoco$xLegislazione 606 0 $aEsplosivi$xLegislazione 676 $a344.450533 700 1$aRUSSO,$bIvan$0416380 801 0$aIT$bsalbc$gISBD 912 $a990000500480203316 951 $aXXVI.1.B 190 (IG XI 712)$b29726 G.$cXXVI.1.B 190 (IG XI)$d00074566 959 $aBK 969 $aGIU 979 $aALESSANDRA$b40$c20010611$lUSA01$h1132 979 $c20020403$lUSA01$h1658 979 $aPATRY$b90$c20040406$lUSA01$h1635 979 $aRSIAV5$b90$c20090520$lUSA01$h0943 996 $aTrattazione della normativa penale in materia di armi, munizioni, prodotti e splodenti, caccia e tiro$9887524 997 $aUNISA